|
|
|
|
| LEADER |
00000nam0a2200000 4500 |
| 001 |
34750 |
| 005 |
20251212131929.0 |
| 010 |
|
|
|a 5279005150
|
| 035 |
|
|
|a (RuTPU)RU\TPU\book\35157
|
| 035 |
|
|
|a BOOK00001809
|
| 090 |
|
|
|a 34750
|
| 100 |
|
|
|a 20011210d1991 m y0rusy50 ca
|
| 101 |
0 |
|
|a rus
|
| 102 |
|
|
|a RU
|
| 105 |
|
|
|a y j 000zy
|
| 200 |
1 |
|
|a Вычислительные машины, системы и сети
|e учебное пособие
|f Под ред. А. П. Пятибратова
|
| 210 |
|
|
|a Москва
|c Финансы и статистика
|d 1991
|
| 215 |
|
|
|a 398 с.
|
| 606 |
|
|
|a Вычислительные системы
|2 stltpush
|3 (RuTPU)RU\TPU\subj\67468
|9 83253
|
| 610 |
1 |
|
|a электронные вычислительные машины
|
| 610 |
1 |
|
|a ЭВМ
|
| 610 |
1 |
|
|a организация систем
|
| 610 |
1 |
|
|a вычислительные сети
|
| 610 |
1 |
|
|a применение
|
| 610 |
1 |
|
|a техническое обслуживание
|
| 610 |
1 |
|
|a учебные пособия
|
| 675 |
|
|
|a 681.324(075.8)
|v 3
|
| 702 |
|
1 |
|a Пятибратов
|b А. П.
|g Александр Петрович
|4 340
|
| 801 |
|
0 |
|a RU
|b 63413507
|c 20011210
|g PSBO
|
| 801 |
|
2 |
|a RU
|b 63413507
|c 20200616
|g PSBO
|
| 942 |
|
|
|c BK
|